000 00647nam a2200217Ia 4500
003 OSt
005 20220926042745.0
006 a|||||r|||| 00| 0
007 ta
008 220923b |||||||| |||| 00| 0 eng d
037 _cGeneral Book
040 _aRTL
_cRTL
_beng
041 _2eng
_aeng
082 _aX9(J).687.N6, K4
100 _aClayton Eric
_9129917
245 0 _aAgrarian development in peasant economics
490 _aCommonwealth and International Library Agriculture and forestry division
650 _aAgricultural Industry
942 _hX9(J).687.N6, K4
_cGB
_2CC
999 _c670490
_d670490